Rock Band Songs AI Art v2 - Statistics

General Stats
  • This quiz has been taken 1,127 times
  • The average score is 16 of 24
Answer Stats
Hint Answer % Correct
Red Hot Chili Peppers - Can't Stop
96%
The Cranberries - Zombie
95%
Papa Roach - Help
93%
Billy Talent - Red Flag
92%
Linkin Park - Castle of Glass
91%
3 Doors Down - Soldier/Citizen
87%
Theory of a Deadman - Angel
86%
Metallica - Master of Puppets
80%
Green Day - 21 Guns
80%
Linkin Park - Bleed It Out
79%
Thirty Seconds to Mars - Attack
77%
STARSET - My Demons
77%
Green Day - Holiday
75%
My Chemical Romance - Teenagers
75%
The White Stripes - Seven Nation Army
72%
Evanescence - Going Under
63%
Kings of Leon - Sex on Fire
58%
System of a Down - Chop Suey!
50%
Nirvana - Smells Like Teen Spirit
48%
Foo Fighters - Everlong
48%
Fall Out Boy - Centuries
33%
Aerosmith - Dream On
33%
Bon Jovi - Living on a Prayer
30%
AC/DC - T.N.T.
19%
No matching quizzes found
Score Distribution
Percent of People with Each Score
Percentile by Number Answered
Your Score History
You have not taken this quiz